000 00461nam a2200157 i 4500
001 27099
003 ES-MaACL
005 20230906153547.0
007 t|
008 030113s1971 pr ||||1| spa d
100 1 _aArriví, Francisco.
_923329
245 1 0 _aSirena
_b: (Drama en dos actos) /
_cFrancisco Arriví.
260 _aRío Piedras (Puerto Rico) :
_bEd. Cultural,
_c1971.
300 _a118 p., 2 lám. ;
_c21 cm.
852 _aES-MaACL
_jC-47276
_bR.78428
999 _c27099
_d27099